Statystyki dla Państwa, które posiadają słońce we fladze

Kliknij tutaj aby rozwiązać quiz!

Ogólne statystyki

  • Ten quiz został rozwiązany 45 razy
    (16 od ostatniego zresetowania)
  • Średni wynik to 4 z 12

Statystyki odpowiedzi

Odpowiedź% Poprawnych
Argentyna
82%
Urugwaj
64%
Kiribati
45%
Kazachstan
36%
Malawi
36%
Tajwan
36%
Macedonia Północna
27%
Namibia
27%
Antigua i Barbuda
18%
Nepal
18%
Namimbia
0%
Rwanda
0%

Rozkład punktacji

Percentyl według liczby udzielonych odpowiedzi

Procent ludzi z każdym wynikiem

Twoja historia wyników

Nie rozwiązałeś tego quizu od ostatniego zresetowania